| 000 | 01269nam a2200313Ia 4500 | ||
|---|---|---|---|
| 001 | Z_1615 | ||
| 003 | CHAP | ||
| 008 | 220113s1990 xx 000 0 und d | ||
| 010 | _a164702 | ||
| 040 | _cCHAP | ||
| 082 | _a633.2 C66 | ||
| 111 |
_aCongreso Nacional sobre Manejo de Pastizales (6: agosto de 1990: Monterrey, Nuevo León) _9138774 |
||
| 245 |
_aResúmenes del Congreso nacional sobre manejo de pastizales / _cSociedad Mexicana de Manejo de Pastizales |
||
| 260 |
_aMéxico : _bUniversidad Autónoma de Nuevo León, _c1990 |
||
| 300 | _a101 p. | ||
| 500 | _aPERDIDO (el original lo perdio el Dr. Améndola y lo sustituyo por: X Congreso Nacional Sociedad Méxicana de Manejo de Pastizales (24 - 26 agosto de 1994: Monterrey, Nuevo León)/ Memorias). | ||
| 503 | _aej.1: fotocopias \ ej.2. fotocopias | ||
| 650 |
_aPastizales _xEcología _985933 |
||
| 650 |
_aPastizales _xInvestigación _985938 |
||
| 650 |
_aPastizales _xManejo _985944 |
||
| 710 |
_aSociedad Mexicana de Manejo de Pastizales \ Universidad Autónoma de Nuevo León _9138775 |
||
| 711 |
_aCongreso Nacional sobre Manejo de Pastizales (6: 1990: Monterrey, Nuevo León) _927133 |
||
| 901 | _a633.2 C66 | ||
| 902 | _aM | ||
| 910 | _a1990 | ||
| 942 | _c1 | ||
| 942 | _cc1 | ||
| 999 |
_c164702 _d164702 |
||